Komárom Gróf Széchenyi-utca a katona templommal
Zobrazenie: Pohľad na ulicu z oboch strán lemovanú listnatými stromami na okraji chodníkov. Vpravo medzi budovami vidno aj vojenský kostol. V pozadí je na ulici niekoľko ľudí, vpravo na chodníku tiež. Vľavo za stromami vidno náprotivný rad budov
| Format: | Photo |
|---|---|
| Language: | Hungarian German |
| PhysicalDescription: | 1 pohľadnica kolorovaná 14 x 9 cm |
| Published: |
Komárom
L. H. Pannonia
1916
|
| Subjects: |
MARC
| LEADER | 00000nkm a2200000 a 4500 | ||
|---|---|---|---|
| 001 | vtls011884837 | ||
| 003 | SK-MaSNL | ||
| 005 | 20260301144235.0 | ||
| 007 | kf ho | ||
| 008 | 230706s1916 xo g kuhun | ||
| 015 | |a SNBG1916 | ||
| 035 | |a urn:nbn:sk:snk-km00ebdz | ||
| 035 | |a urn:nbn:sk:snk-km43fs9 | ||
| 035 | |a 842E5625-4A0B-407D-B2E1-398BBDDFC83A | ||
| 040 | |a SNK |b slo |c SNK |e AACR2 | ||
| 041 | 0 | |a hun |a ger | |
| 043 | |a e-xo--- | ||
| 044 | |a xo |c SK | ||
| 072 | 7 | |a 913 |x Regionálna geografia |2 konspekt | |
| 080 | |a 913(437.6) |2 2011 | ||
| 080 | |a 711.73 |2 2011 | ||
| 080 | |a (084.121) |2 2011 | ||
| 080 | |a 726:27-523.42 |2 2011 | ||
| 080 | |a 355.7 |2 2011 | ||
| 245 | 0 | 0 | |a Komárom |h grafika |b Gróf Széchenyi-utca a katona templommal |
| 246 | 3 | 1 | |a Komárom |b Graf Széchenyi Gasse mit Millitär Kirche |
| 260 | |a Komárom |b L. H. Pannonia |c 1916 | ||
| 300 | |a 1 pohľadnica |b kolorovaná |c 14 x 9 cm | ||
| 500 | |a Názvové údaje prevzaté z obrazovej časti pohľadnice | ||
| 520 | 8 | |a Zobrazenie: Pohľad na ulicu z oboch strán lemovanú listnatými stromami na okraji chodníkov. Vpravo medzi budovami vidno aj vojenský kostol. V pozadí je na ulici niekoľko ľudí, vpravo na chodníku tiež. Vľavo za stromami vidno náprotivný rad budov | |
| 546 | |a Súbežný podnázov v nem. | ||
| 650 | 0 | 7 | |a ulice |2 SNKPH |9 2938 |
| 650 | 0 | 7 | |a kostoly |2 SNKPH |9 3023 |
| 650 | 0 | 7 | |a vojenské stavby |2 SNKPH |9 85895 |
| 651 | 7 | |a Komárno (Slovensko) |2 SNKPHgeo |9 39168 | |
| 655 | 7 | |a miestne pohľadnice |2 SNKPH |9 70510 | |
| 752 | |a Slovensko |d Komárno | ||
| 852 | |a Slovenská národná knižnica | ||
| 958 | |a GBN | ||
| 958 | |a GC | ||
| 958 | |a ONDV | ||
| 999 | |c 776513 |d 778443 | ||
| 952 | |a SNK |b SNK |y PREZ |7 0 |p 17A1283276 |o snkSP 90032 |z Pohľadnica prešla poštou. |0 0 |1 0 |4 0 |d 2019-09-03 |f 1 |l 0 |r 2026-02-24 00:52:04 |w 2026-02-24 | ||


